01051nam a2200193Ia 4500001001100000003001000011008004100021040002500062041001300087100002200100245006100122250001100183260009000194300002800284500020000312501011400512520020000626650003100826L922-42607IT-CnALBA170116s9999||||xx |||||||||||||| ||und|| aIT-CnALBAcIT-CnALBA aITALIANO aCAGNETTI FRANCSCO 0aDIZIONARIO BIOGRAFICO DEGLI ITALIANI. 5. BACCA-BARATTA.  a1a ed. aROMAbTRECCANI IST. ENCICLOPEDIA ITAL.c1963 [1° Ed.:1963 - Ed.Ling.Originale: 1963] a794 p. (prefazione: 15) aBACCA BARATTA. DIRETTORE, GHISALBERTI REDATTORE PAVAN M. REDATTORI MEDIOEVO. ETA' MODERNA. RISORGIMENTO. CONTEMPORANEA. ARTE. MUSICA. CASTRONOVO V. CESCHI P. CETTO A. CIONI A. CORTESE N. ETC....  aSocietà San Paolo EM - Piazza San Paolo, 14 - 12051 ALBA (CN) (non commercial uses only) ® Copyright 2017 aBACCA BARATTA. DIRETTORE, GHISALBERTI REDATTORE PAVAN M. REDATTORI MEDIOEVO. ETA' MODERNA. RISORGIMENTO. CONTEMPORANEA. ARTE. MUSICA. CASTRONOVO V. CESCHI P. CETTO A. CIONI A. CORTESE N. ETC....  aBIOGRAFIE, UOMINI ILLUSTRI